[Event "ch-USA Junior 2025"]
[Site "Saint Louis USA"]
[Date "2025.07.15"]
[Round "1.1"]
[White "Park, Evan"]
[Black "Mishra, Abhimanyu"]
[Result "1/2-1/2"]
[WhiteTitle "IM"]
[BlackTitle "GM"]
[WhiteElo "2429"]
[BlackElo "2611"]
[WhiteFideId "30931142"]
[BlackFideId "30920019"]
[EventDate "2025.07.15"]

1. e4 e5 2. Nf3 Nc6 3. Bb5 a6 4. Ba4 Nf6 5. O-O b5 6. Bb3 Bc5 7. c3 d6 8. a4 Rb8
9. d4 Bb6 10. a5 Ba7 11. h3 Bb7 12. Be3 Nxe4 13. Re1 Ne7 14. Nbd2 Nxd2 15. Bxd2
O-O 16. dxe5 dxe5 17. Nxe5 Ng6 18. Be3 Nxe5 19. Qxd8 Rbxd8 20. Bxa7 Nd3 21. Re7
Bd5 22. Bxd5 Rxd5 23. Rd1 Rc8 24. Re3 Rcd8 25. Re7 R5d7 26. Rxd7 Rxd7 27. Be3 f6
28. b3 Kf7 29. Kf1 Ke6 30. Bd4 Nf4 31. Re1+ Kf7 32. Rb1 g5 33. Be3 Nd5 34. Bd2
Ne7 35. Ke2 Nc6 36. Be3 h5 37. Ra1 Kg6 38. c4 bxc4 39. bxc4 Kf5 40. Ra2 Rd8 41.
Ra1 Nd4+ 42. Bxd4 Rxd4 43. Rc1 Ke4 44. Rc3 Rd6 45. h4 g4 46. Re3+ Kd4 47. f3 g3
48. Re4+ Kc3 49. Ke3 Rd2 50. Re6 Rxg2 51. Kf4 Ra2 52. Kxg3 Rxa5 53. Rxf6 Kxc4
54. Rc6+ Kb4 55. Rxc7 Rc5 56. Rb7+ Kc3 57. f4 a5 58. Ra7 Kb4 59. Kf3 a4 60. Ke4
a3 61. f5 Ra5 62. Rxa5 Kxa5 63. f6 a2 64. f7 a1=Q 65. f8=Q Qe1+ 66. Kd3 Qxh4 67.
Qc5+ Ka6 68. Qc6+ Ka7 69. Qc7+ Ka6 70. Qc6+ Ka7 71. Qc7+ Ka6 72. Qc6+ 1/2-1/2

[Event "ch-USA Junior 2025"]
[Site "Saint Louis USA"]
[Date "2025.07.15"]
[Round "1.2"]
[White "Ghazarian, Kirk"]
[Black "Hardaway, Brewington"]
[Result "1/2-1/2"]
[WhiteTitle "GM"]
[BlackTitle "GM"]
[WhiteElo "2511"]
[BlackElo "2498"]
[WhiteFideId "30908604"]
[BlackFideId "30941849"]
[EventDate "2025.07.15"]

1. d4 d5 2. c4 e6 3. Nf3 Nd7 4. Nc3 Ngf6 5. Qc2 c6 6. e3 Be7 7. Bd3 O-O 8. O-O
b6 9. b3 Bb7 10. Bb2 Rc8 11. Rfd1 h6 12. Rac1 Qc7 13. Qe2 Qb8 14. Bb1 Rfd8 15.
Ne5 Nxe5 16. dxe5 Nd7 17. f4 Ba6 18. Kh1 dxc4 19. bxc4 Nc5 20. a4 Rxd1+ 21. Rxd1
Rd8 22. Rd4 Nb7 23. Ne4 c5 24. Rxd8+ Qxd8 25. Nd2 Na5 26. Qd3 Qxd3 27. Bxd3 Nc6
28. Be4 Na5 29. Bd3 Nc6 30. Be4 Na5 31. Bd3 1/2-1/2

[Event "ch-USA Junior 2025"]
[Site "Saint Louis USA"]
[Date "2025.07.15"]
[Round "1.3"]
[White "Deviprasath, Sharvesh"]
[Black "Wang, Justin"]
[Result "1/2-1/2"]
[WhiteTitle "FM"]
[BlackTitle "IM"]
[WhiteElo "2434"]
[BlackElo "2529"]
[WhiteFideId "30938228"]
[BlackFideId "30911370"]
[EventDate "2025.07.15"]

1. e4 e5 2. Nf3 Nc6 3. Nc3 Nf6 4. Nd5 Be7 5. Bd3 d6 6. c3 Be6 7. Nxe7 Qxe7 8.
Bc2 d5 9. exd5 Bxd5 10. O-O O-O-O 11. Re1 Qd6 12. d3 Rhe8 13. Nd2 Nd7 14. Nc4
Bxc4 15. dxc4 Qxd1 16. Rxd1 e4 17. Be3 f5 18. Bg5 Nf6 19. f3 Rxd1+ 20. Rxd1 Ne5
21. b3 Ned7 22. Kf2 h6 23. Bxf6 Nxf6 24. fxe4 Nxe4+ 25. Bxe4 Rxe4 26. Rd4 Re6
27. Rd2 Re4 28. Rd4 Re6 29. Rd2 Re4 30. Rd4 1/2-1/2

[Event "ch-USA Junior 2025"]
[Site "Saint Louis USA"]
[Date "2025.07.15"]
[Round "1.4"]
[White "Sethuraman, Sandeep"]
[Black "Woodward, Andy"]
[Result "0-1"]
[WhiteTitle "IM"]
[BlackTitle "GM"]
[WhiteElo "2417"]
[BlackElo "2567"]
[WhiteFideId "30941091"]
[BlackFideId "30953499"]
[EventDate "2025.07.15"]

1. d4 Nf6 2. c4 e6 3. Nc3 Bb4 4. Qc2 O-O 5. a3 Bxc3+ 6. Qxc3 d5 7. Bg5 h6 8.
Bxf6 Qxf6 9. Nf3 dxc4 10. Qxc4 Bd7 11. e3 Rc8 12. Be2 c5 13. O-O cxd4 14. Qxd4
Rc2 15. Bd3 Qxd4 16. Nxd4 Rxb2 17. Rfb1 Rb6 18. a4 Nc6 19. Nb3 Rc8 20. f4 Be8
21. Bb5 a6 22. Bd3 Rb4 23. Nc5 Rc7 24. Be4 Rc4 25. Rxb7 Rc8 26. Bd3 Rxc5 27.
Bxa6 Ra8 28. Bd3 Rc3 29. Bb5 Nd8 30. Rb6 Bxb5 31. Rxb5 Rxe3 32. a5 Rd3 33. a6
Rd7 34. Rb6 Rda7 35. Rd1 Kf8 36. g4 Ke7 37. Rdd6 Rd7 0-1

[Event "ch-USA Junior 2025"]
[Site "Saint Louis USA"]
[Date "2025.07.15"]
[Round "1.5"]
[White "Rorrer, Grayson"]
[Black "Chasin, Nico"]
[Result "1/2-1/2"]
[WhiteTitle "IM"]
[BlackTitle "IM"]
[WhiteElo "2428"]
[BlackElo "2459"]
[WhiteFideId "30944996"]
[BlackFideId "30908477"]
[EventDate "2025.07.15"]

1. e4 e5 2. Nf3 Nc6 3. Bb5 Nf6 4. O-O Nxe4 5. d4 Nd6 6. Ba4 e4 7. Re1 Be7 8. Ne5
O-O 9. Nc3 Nf5 10. Rxe4 Nxe5 11. dxe5 c6 12. Bf4 d5 13. exd6 Bxd6 14. Bb3 Bxf4
15. Rxf4 Be6 16. Bxe6 fxe6 17. Re4 Qb6 18. Na4 Qa5 19. Qe1 Qxe1+ 20. Raxe1 b6
21. c3 Rfe8 22. Rxe6 Rxe6 23. Rxe6 Rd8 24. Kf1 Rd1+ 25. Re1 Rd2 26. Re2 Rd1+ 27.
Re1 Rd2 28. Re5 g6 29. Ke1 Rc2 30. Re8+ Kg7 31. Ra8 a5 32. Nxb6 Rxb2 33. Nc4
Rxa2 34. Rxa5 Rc2 35. Rc5 Rc1+ 36. Ke2 Rxc3 37. Kd2 Rb3 38. Rxc6 Rb7 39. Rc5 Ra7
40. Ne5 Ra2+ 41. Rc2 Rxc2+ 42. Kxc2 Kf6 43. Nf3 g5 44. Kd3 g4 45. Nd2 Ke5 46. g3
Ng7 47. Nc4+ Kf6 48. Ne3 h5 49. Ke4 Ne6 50. Nd5+ Kg5 51. Nf4 Nc5+ 52. Ke5 Nd7+
53. Ke6 Nc5+ 54. Kd5 Nd7 55. Ng2 Nf6+ 56. Ke5 Nd7+ 57. Kd4 Nf6 58. Nh4 Nd7 59.
Ke3 Nc5 60. f4+ gxf3 61. Kxf3 Nd3 62. h3 Kf6 63. Ng2 Kf5 64. Ke3 Ne5 65. Nh4+
Kf6 66. Ke4 Nf7 67. Nf3 Nd8 68. Nd4 Nf7 69. Nf3 Nd8 70. Ne5 Ne6 71. h4 Nc5+ 72.
Kd5 Kf5 73. Nc4 Kg4 74. Kxc5 Kxg3 75. Ne5 Kxh4 76. Kd4 Kg3 77. Ng6 h4 78. Nxh4 1/2-1/2

[Event "ch-USA Junior 2025"]
[Site "Saint Louis USA"]
[Date "2025.07.16"]
[Round "2.1"]
[White "Hardaway, Brewington"]
[Black "Sethuraman, Sandeep"]
[Result "1/2-1/2"]
[WhiteTitle "GM"]
[BlackTitle "IM"]
[WhiteElo "2498"]
[BlackElo "2417"]
[WhiteFideId "30941849"]
[BlackFideId "30941091"]
[EventDate "2025.07.15"]

1. e4 c6 2. d4 d5 3. exd5 cxd5 4. Bd3 Nc6 5. c3 Qc7 6. Na3 a6 7. Nc2 Nf6 8. h3
e5 9. dxe5 Nxe5 10. Nf3 Bd6 11. Nxe5 Bxe5 12. O-O O-O 13. Re1 Re8 14. Be3 Ne4
15. Qf3 Bd7 16. Bd4 Bc6 17. Re2 Re6 18. Bxe5 Rxe5 19. Rae1 Rae8 20. Nd4 Qb6 21.
Qf4 f6 22. Bc2 a5 23. Bd1 Qc7 24. Nf3 R5e7 25. Qxc7 Rxc7 26. Nd4 Kf7 27. Bc2 Nd6
28. Nxc6 bxc6 29. Rxe8 Nxe8 30. Bxh7 Rb7 31. Re2 g6 32. Bxg6+ Kxg6 33. Rxe8 Rxb2
34. Rc8 Rc2 35. Rxc6 d4 36. c4 d3 37. Rd6 d2 38. Kf1 Rxa2 39. c5 a4 40. c6 a3
41. c7 Rc2 42. Rxd2 a2 43. Rxc2 a1=Q+ 44. Ke2 Qa6+ 45. Kd2 Qd6+ 46. Ke2 Qa6+ 47.
Kd2 Qd6+ 48. Ke2 Qa6+ 49. Kd2 1/2-1/2

[Event "ch-USA Junior 2025"]
[Site "Saint Louis USA"]
[Date "2025.07.16"]
[Round "2.2"]
[White "Woodward, Andy"]
[Black "Rorrer, Grayson"]
[Result "1-0"]
[WhiteTitle "GM"]
[BlackTitle "IM"]
[WhiteElo "2567"]
[BlackElo "2428"]
[WhiteFideId "30953499"]
[BlackFideId "30944996"]
[EventDate "2025.07.15"]

1. Nf3 d5 2. d4 Nf6 3. c4 e6 4. g3 Bb4+ 5. Bd2 Be7 6. Bg2 c6 7. Qc2 Nbd7 8. O-O
h6 9. Rd1 O-O 10. Bf4 a5 11. Nc3 dxc4 12. Nd2 Nb6 13. e4 a4 14. a3 Bd7 15. Nf3
c5 16. d5 exd5 17. exd5 Re8 18. d6 Bf8 19. Ne5 g5 20. Nxd7 Qxd7 21. Be3 Re5 22.
Qe2 Rb8 23. f4 gxf4 24. gxf4 Ree8 25. Qf3 Bxd6 26. Bf2 Ng4 27. Rxd6 Qxd6 28.
Qxg4+ Kh8 29. Rd1 Qe7 30. Qh4 Qxh4 31. Bxh4 Re3 32. Bd8 1-0

[Event "ch-USA Junior 2025"]
[Site "Saint Louis USA"]
[Date "2025.07.16"]
[Round "2.3"]
[White "Chasin, Nico"]
[Black "Deviprasath, Sharvesh"]
[Result "1-0"]
[WhiteTitle "IM"]
[BlackTitle "FM"]
[WhiteElo "2459"]
[BlackElo "2434"]
[WhiteFideId "30908477"]
[BlackFideId "30938228"]
[EventDate "2025.07.15"]

1. e4 c5 2. Nf3 g6 3. Bc4 Bg7 4. O-O Nc6 5. c3 d6 6. d4 cxd4 7. cxd4 Nf6 8. d5
Nb8 9. Nc3 Bg4 10. Be2 Bxf3 11. Bxf3 O-O 12. Be3 Nbd7 13. Rc1 a6 14. Be2 Rc8 15.
Qb3 b5 16. Qa3 Rb8 17. b4 Ra8 18. Qb3 Nb6 19. Rc2 Rc8 20. Rfc1 Nfd7 21. Nb1 Rxc2
22. Rxc2 Na4 23. Rc6 Nb8 24. Rc1 Nd7 25. g3 Qb8 26. Rc6 Ndb6 27. Bg4 Qb7 28. Qc2
Nc4 29. Rxc4 bxc4 30. Qxa4 f5 31. Be2 Qb5 32. Qc2 Qxb4 33. Bxc4 a5 34. Nd2 Qc3
35. Qxc3 Bxc3 36. exf5 Rxf5 37. Nb1 Bb2 38. a4 Rf8 39. Bb5 Rc8 40. Nd2 Bc1 41.
Nc4 Bxe3 42. fxe3 Ra8 43. e4 Kg7 44. Kf2 Kf6 45. Ke3 Ra7 46. Kd4 h5 47. e5+ Kg5
48. exd6 exd6 49. Nxd6 Kg4 50. Be8 g5 51. Nc8 Rc7 52. d6 Rc2 53. d7 Rd2+ 54. Kc3
Rd1 55. Nb6 Kh3 56. Bxh5 Rd6 57. Kc4 1-0

[Event "ch-USA Junior 2025"]
[Site "Saint Louis USA"]
[Date "2025.07.16"]
[Round "2.4"]
[White "Park, Evan"]
[Black "Ghazarian, Kirk"]
[Result "0-1"]
[WhiteTitle "IM"]
[BlackTitle "GM"]
[WhiteElo "2429"]
[BlackElo "2511"]
[WhiteFideId "30931142"]
[BlackFideId "30908604"]
[EventDate "2025.07.15"]

1. e4 c5 2. Nf3 e6 3. d4 cxd4 4. Nxd4 Nf6 5. Nc3 Nc6 6. Bf4 d6 7. Bb5 Bd7 8.
Nxc6 bxc6 9. Ba4 d5 10. a3 Qa5 11. O-O Nxe4 12. Nxe4 Qxa4 13. Nd6+ Bxd6 14. Bxd6
h5 15. Qd3 c5 16. Rfe1 Qc6 17. Qg3 h4 18. Qxg7 O-O-O 19. Bf4 d4 20. Qe5 Kb7 21.
f3 Rhg8 22. b4 f6 23. Qxf6 Qxf3 24. Bg5 Qg4 25. bxc5 Qxg5 26. Rab1+ Kc7 27. Qf2
Bc6 28. Re2 Rdf8 0-1

[Event "ch-USA Junior 2025"]
[Site "Saint Louis USA"]
[Date "2025.07.16"]
[Round "2.5"]
[White "Mishra, Abhimanyu"]
[Black "Wang, Justin"]
[Result "1-0"]
[WhiteTitle "GM"]
[BlackTitle "IM"]
[WhiteElo "2611"]
[BlackElo "2529"]
[WhiteFideId "30920019"]
[BlackFideId "30911370"]
[EventDate "2025.07.15"]

1. d4 Nf6 2. c4 e6 3. Nc3 Bb4 4. a3 Bxc3+ 5. bxc3 Nc6 6. f3 e5 7. e4 d6 8. Ne2
b6 9. Ng3 Na5 10. Bd3 Be6 11. O-O O-O 12. f4 h6 13. d5 Bg4 14. Qc2 Nh5 15. Nxh5
Bxh5 16. f5 f6 17. Kh1 Be8 18. Rf3 Kf7 19. Be3 Rg8 20. g4 Qd7 21. a4 Ke7 22. Qf2
Kd8 23. Rg3 c6 24. h4 cxd5 25. cxd5 Rh8 26. Kg2 Rc8 27. Ba6 Rb8 28. Qb2 Qc7 29.
Qb4 Nb7 30. Bxb7 Rxb7 31. c4 Ke7 32. Rb1 Bd7 33. c5 a5 34. cxd6+ Qxd6 35. Qxd6+
Kxd6 36. Bxb6 Rhb8 37. Rgb3 Bxa4 38. Bc5+ Kc7 39. Bd6+ Kc8 40. Rxb7 Rxb7 41.
Rxb7 Kxb7 42. Bf8 Bc2 43. Kf3 Bd1+ 44. Kg3 Kc7 45. Bxg7 Kd6 46. Bxf6 Bc2 47. Bg7
Bxe4 48. Bxh6 Bxd5 49. h5 Bg8 50. Bf8+ Kd5 51. g5 Ke4 52. Kg4 Kd3 53. g6 e4 54.
h6 e3 55. Bd6 e2 56. Bg3 a4 57. h7 1-0

[Event "ch-USA Junior 2025"]
[Site "Saint Louis USA"]
[Date "2025.07.17"]
[Round "3.1"]
[White "Ghazarian, Kirk"]
[Black "Mishra, Abhimanyu"]
[Result "1/2-1/2"]
[WhiteTitle "GM"]
[BlackTitle "GM"]
[WhiteElo "2511"]
[BlackElo "2611"]
[WhiteFideId "30908604"]
[BlackFideId "30920019"]
[EventDate "2025.07.15"]

1. d4 Nf6 2. c4 g6 3. g3 c6 4. Bg2 d5 5. cxd5 cxd5 6. Nf3 Bg7 7. O-O O-O 8. Ne5
Nfd7 9. Nxd7 Bxd7 10. Nc3 Nc6 11. e3 e6 12. Bd2 Qe7 13. Qe2 Rfc8 14. Rfc1 Qd8
15. Qd1 Qe7 16. Qe2 Qd8 17. Qd1 Qe7 18. Qe2 Qd8 1/2-1/2

[Event "ch-USA Junior 2025"]
[Site "Saint Louis USA"]
[Date "2025.07.17"]
[Round "3.2"]
[White "Sethuraman, Sandeep"]
[Black "Park, Evan"]
[Result "1-0"]
[WhiteTitle "IM"]
[BlackTitle "IM"]
[WhiteElo "2417"]
[BlackElo "2429"]
[WhiteFideId "30941091"]
[BlackFideId "30931142"]
[EventDate "2025.07.15"]

1. c4 Nf6 2. Nc3 e5 3. Nf3 Nc6 4. e3 Bb4 5. Qc2 Bxc3 6. Qxc3 Qe7 7. d4 exd4 8.
Nxd4 Ne4 9. Qd3 O-O 10. Be2 d5 11. cxd5 Nb4 12. Qc4 Rd8 13. O-O Nxd5 14. f3 Nb6
15. Qc2 Nf6 16. Rd1 Qe5 17. Nb5 Be6 18. e4 Bc4 19. Nc3 Qc5+ 20. Kh1 Nh5 21. Nd5
Qf2 22. Be3 Qxe2 23. Rd2 Qxd2 24. Bxd2 Bxd5 25. exd5 Nxd5 26. Bg5 Rd6 27. Re1 h6
28. Bd2 Nhf6 29. g4 Rad8 30. g5 hxg5 31. Bxg5 c6 32. Qf5 R8d7 33. Rg1 Ne7 34.
Qh3 Ng6 35. Bxf6 gxf6 36. Qh6 Rd3 37. f4 R7d5 38. f5 Rd1 39. fxg6 Rxg1+ 40. Kxg1
Rg5+ 41. Kf2 fxg6 42. h4 Rg4 43. h5 gxh5 44. Qxh5 Rg7 45. Qe8+ Kh7 46. Kf3 Kh6
47. Kf4 Rg5 48. Qe7 Rb5 49. a4 Rb6 50. Kf5 c5 51. Qf7 1-0

[Event "ch-USA Junior 2025"]
[Site "Saint Louis USA"]
[Date "2025.07.17"]
[Round "3.3"]
[White "Deviprasath, Sharvesh"]
[Black "Woodward, Andy"]
[Result "0-1"]
[WhiteTitle "FM"]
[BlackTitle "GM"]
[WhiteElo "2434"]
[BlackElo "2567"]
[WhiteFideId "30938228"]
[BlackFideId "30953499"]
[EventDate "2025.07.15"]

1. Nf3 d5 2. g3 Nf6 3. Bg2 c6 4. O-O Bg4 5. d3 Nbd7 6. c4 dxc4 7. dxc4 e5 8. Nc3
Qc7 9. Qc2 Be7 10. Nh4 O-O 11. Nf5 Nc5 12. b3 Ne6 13. Nxe7+ Qxe7 14. e3 Rfd8 15.
Bb2 Bh5 16. Ne4 Nxe4 17. Qxe4 f6 18. Qh4 Bf7 19. Rad1 Ng5 20. Qg4 Be6 21. Qh5
Qf7 22. Qxf7+ Kxf7 23. f3 Bh3 24. Bxh3 Nxh3+ 25. Kg2 Ng5 26. h4 Ne6 27. Kf2 a5
28. Ke2 a4 29. Rxd8 Rxd8 30. Rd1 Rxd1 31. Kxd1 axb3 32. axb3 e4 33. Ke2 f5 34.
g4 fxg4 35. fxg4 Nc5 36. b4 Nd3 37. Bc3 g6 38. b5 cxb5 39. cxb5 Ke6 40. Bd4 Kd5
41. h5 Kc4 42. hxg6 hxg6 43. b6 Nb4 44. Kf2 Nc2 45. Bf6 Nb4 46. Bd4 Kd3 47. Bc5
Nc2 48. Kg3 Nxe3 49. Kf4 Nc4 50. Kg5 Ne5 51. Kf4 Nf7 52. Bg1 e3 53. Bxe3 g5+ 54.
Kf5 Kxe3 55. Ke6 Nh6 56. Kd6 Nxg4 0-1

[Event "ch-USA Junior 2025"]
[Site "Saint Louis USA"]
[Date "2025.07.17"]
[Round "3.4"]
[White "Rorrer, Grayson"]
[Black "Hardaway, Brewington"]
[Result "0-1"]
[WhiteTitle "IM"]
[BlackTitle "GM"]
[WhiteElo "2428"]
[BlackElo "2498"]
[WhiteFideId "30944996"]
[BlackFideId "30941849"]
[EventDate "2025.07.15"]

1. e4 d6 2. d4 Nf6 3. Bd3 e5 4. c3 Nbd7 5. Nf3 d5 6. dxe5 dxe4 7. exf6 exf3 8.
fxg7 Bxg7 9. Qxf3 Ne5 10. Bb5+ Bd7 11. Bxd7+ Qxd7 12. Qe2 O-O-O 13. O-O Rhe8 14.
Be3 Nd3 15. Na3 f5 16. Qf3 Qd5 17. Qh3 Kb8 18. Nc2 Qe4 19. Rab1 Be5 20. Rfd1
Nxb2 21. Rdc1 Nc4 22. Bd4 Bf4 23. Ne3 Rd6 24. Qxf5 Qxf5 25. Nxf5 Bxc1 26. Rxc1
Ra6 27. g4 Rxa2 28. Ng7 Re4 29. h3 a5 30. Nh5 a4 31. Nf6 Re7 32. Nd5 Rf7 33. Re1
b6 34. Nb4 Rd2 35. Nc6+ Kc8 36. Ra1 a3 37. g5 Kd7 38. Nb8+ Kd6 39. Bf6 Rf8 0-1

[Event "ch-USA Junior 2025"]
[Site "Saint Louis USA"]
[Date "2025.07.17"]
[Round "3.5"]
[White "Wang, Justin"]
[Black "Chasin, Nico"]
[Result "1/2-1/2"]
[WhiteTitle "IM"]
[BlackTitle "IM"]
[WhiteElo "2529"]
[BlackElo "2459"]
[WhiteFideId "30911370"]
[BlackFideId "30908477"]
[EventDate "2025.07.15"]

1. d4 d5 2. c4 dxc4 3. Nf3 Nf6 4. e3 e6 5. Bxc4 Be7 6. b3 O-O 7. Bb2 b6 8. Nc3
Bb7 9. O-O a6 10. Re1 Nbd7 11. d5 b5 12. dxe6 bxc4 13. exd7 cxb3 14. axb3 Qxd7
15. Ba3 Qxd1 16. Rexd1 Bxa3 17. Rxa3 Rfd8 18. Raa1 Kf8 19. Ne5 Ke7 20. f3 Nd5
21. Nxd5+ Rxd5 22. Rdc1 Rxe5 23. Rxc7+ Ke8 24. Rxb7 Rxe3 25. b4 Re7 26. Rb6 Re6
27. Rxe6+ fxe6 28. Ra5 Rb8 29. Rxa6 Rxb4 30. Rxe6+ Kf7 31. Re2 h5 32. Re4 Rb2
33. h4 g6 34. Kh2 Kf6 35. Rf4+ Kg7 36. Kg3 Rc2 37. Ra4 Kf6 38. Ra6+ Kf7 39. Ra1
Kf6 40. Rf1 Rb2 41. Rf2 Rb4 42. Re2 Kf5 43. Kh3 Rb3 44. Ra2 Kf6 45. Ra6+ Kf7 46.
Kg3 Kg7 47. Re6 Rb2 48. f4 Rb3+ 49. Kh2 Rb4 50. g3 Rb2+ 51. Kh3 Rc2 52. Re5 Kf6
53. Rg5 Rf2 54. g4 Rf3+ 55. Kg2 Rxf4 56. gxh5 Rxh4 57. Rxg6+ Kf5 58. Ra6 Rxh5
59. Ra5+ Kg6 60. Rxh5 Kxh5 1/2-1/2

[Event "ch-USA Junior 2025"]
[Site "Saint Louis USA"]
[Date "2025.07.18"]
[Round "4.1"]
[White "Woodward, Andy"]
[Black "Wang, Justin"]
[Result "1/2-1/2"]
[WhiteTitle "GM"]
[BlackTitle "IM"]
[WhiteElo "2567"]
[BlackElo "2529"]
[WhiteFideId "30953499"]
[BlackFideId "30911370"]
[EventDate "2025.07.15"]

1. d4 Nf6 2. Nf3 d5 3. Bf4 Bf5 4. c4 e6 5. Qb3 Nc6 6. Nbd2 Na5 7. Qa4+ c6 8. c5
b5 9. Qa3 Nh5 10. Be3 Nf6 11. Bf4 Nh5 12. Be3 Nf6 13. Ne5 Ng4 14. Nxg4 Bxg4 15.
Bf4 g5 16. Be5 f6 17. Bg3 a6 18. h4 gxh4 19. Rxh4 h5 20. f3 Bf5 21. e4 Bg6 22.
Qe3 Nc4 23. Nxc4 dxc4 24. Be2 Kf7 25. Kf1 Be7 26. Rh3 Qd7 27. b3 cxb3 28. axb3
a5 29. Bf2 Kg7 30. Bd1 e5 31. f4 exd4 32. Qd3 Kf8 33. f5 Bf7 34. Qxd4 Qxd4 35.
Bxd4 Rd8 36. Be3 Ke8 37. Bc2 Ra8 38. g4 Kd7 39. Rd1+ Kc8 40. e5 fxe5 41. f6 Bxf6
42. Rf3 Bd5 43. Rxf6 hxg4 44. Bf5+ Kb7 45. Rxd5 cxd5 46. Rf7+ Ka6 47. Rf6+ Kb7
48. Rf7+ Ka6 49. Rf6+ Kb7 1/2-1/2

[Event "ch-USA Junior 2025"]
[Site "Saint Louis USA"]
[Date "2025.07.18"]
[Round "4.2"]
[White "Mishra, Abhimanyu"]
[Black "Chasin, Nico"]
[Result "1-0"]
[WhiteTitle "GM"]
[BlackTitle "IM"]
[WhiteElo "2611"]
[BlackElo "2459"]
[WhiteFideId "30920019"]
[BlackFideId "30908477"]
[EventDate "2025.07.15"]

1. d4 d5 2. c4 e6 3. Nc3 Nf6 4. cxd5 exd5 5. Bg5 c6 6. e3 h6 7. Bh4 Be7 8. Bd3
O-O 9. Nge2 Re8 10. O-O Nh5 11. Bxe7 Qxe7 12. Qd2 Qg5 13. Rae1 Bh3 14. Ng3 Nxg3
15. fxg3 Be6 16. Rf4 Nd7 17. Qf2 Qe7 18. g4 g5 19. Rf3 Bxg4 20. Rg3 Nf6 21. e4
dxe4 22. Nxe4 Kg7 23. Rf1 Nxe4 24. Bxe4 Bh5 25. Rh3 Bg4 26. Rg3 Be6 27. h4 Rad8
28. hxg5 hxg5 29. Qf4 g4 30. Qe5+ Kg8 31. Qh5 Qc7 32. Qh6 Rxd4 33. Rxg4+ 1-0

[Event "ch-USA Junior 2025"]
[Site "Saint Louis USA"]
[Date "2025.07.18"]
[Round "4.3"]
[White "Park, Evan"]
[Black "Rorrer, Grayson"]
[Result "1/2-1/2"]
[WhiteTitle "IM"]
[BlackTitle "IM"]
[WhiteElo "2429"]
[BlackElo "2428"]
[WhiteFideId "30931142"]
[BlackFideId "30944996"]
[EventDate "2025.07.15"]

1. e4 e5 2. Nf3 Nc6 3. Bb5 a6 4. Ba4 b5 5. Bb3 Na5 6. Nc3 Bb7 7. O-O d6 8. d3
Nf6 9. Bd5 c6 10. Bxf7+ Kxf7 11. b4 Bc8 12. bxa5 Qxa5 13. Bd2 h6 14. a4 b4 15.
Na2 c5 16. c3 bxc3 17. Nxc3 Be6 18. Nh4 g5 19. Nf5 Qc7 20. Rb1 Rb8 21. Qf3 Rxb1
22. Rxb1 Kg6 23. h4 g4 24. Qg3 Kh7 25. f4 Rg8 26. Qf2 Nd7 27. Ne3 g3 28. Qf3 Qd8
29. f5 Bf7 30. Rb7 Rg7 31. Ned5 Nf6 32. Rb8 Qxb8 33. Nxf6+ Kh8 34. Bxh6 Qb4 35.
Bxg7+ Bxg7 36. Nfd5 Bxd5 37. Nxd5 Qd4+ 38. Kf1 c4 39. dxc4 Qxc4+ 40. Ke1 Qxa4
41. Qd3 Qd4 42. Qxd4 exd4 43. Kd2 Be5 44. Kd3 Kg7 45. h5 Kh7 46. Kc4 Kh6 47. f6
a5 48. Kb5 d3 49. f7 Kg7 50. Ne3 Bd4 51. Nd1 Kxf7 52. Kc4 Be5 53. Kxd3 Kf6 54.
Ne3 Kg5 55. h6 Kxh6 56. Kc4 Bf4 57. Nd5 Bd2 58. Kd3 Bb4 59. Kc4 Be1 60. Kb5 Kg6
61. Nf4+ Kf6 62. Nd3 Bd2 63. Ka4 Ke6 64. Kb5 d5 65. Nc5+ Ke5 66. exd5 Kxd5 67.
Nb3 Bf4 68. Nxa5 Ke4 69. Nc6 Bd6 70. Kc4 Bf8 71. Nd4 Ke3 72. Nf5+ Kf2 73. Nxg3
Kxg3 74. Kb3 Kxg2 1/2-1/2

[Event "ch-USA Junior 2025"]
[Site "Saint Louis USA"]
[Date "2025.07.18"]
[Round "4.4"]
[White "Hardaway, Brewington"]
[Black "Deviprasath, Sharvesh"]
[Result "1-0"]
[WhiteTitle "GM"]
[BlackTitle "FM"]
[WhiteElo "2498"]
[BlackElo "2434"]
[WhiteFideId "30941849"]
[BlackFideId "30938228"]
[EventDate "2025.07.15"]

1. e4 e5 2. Nf3 d6 3. Nc3 Be7 4. Bc4 Nf6 5. d3 O-O 6. O-O c6 7. h3 Nbd7 8. a4 a5
9. Be3 Qc7 10. Qd2 Nc5 11. Rfe1 b6 12. Rad1 Bb7 13. Ba2 Rad8 14. Qe2 Ba6 15. Nd2
Rfe8 16. Qf3 Bc8 17. d4 exd4 18. Bxd4 Ne6 19. Be3 Nd7 20. Qg3 Nec5 21. Nc4 Ne5
22. Bd4 Ng6 23. Nxa5 Bh4 24. Qh2 Nxe4 25. Nxe4 bxa5 26. Bc5 Qe7 27. Bxd6 Qb7 28.
Bb3 Bf5 29. Nc5 Rxe1+ 30. Rxe1 Qa7 31. g4 Bc8 32. Nd3 Bf6 33. Bc7 Nh4 34. Bxd8
Nf3+ 35. Kh1 Nxe1 36. Bxf6 Nxd3 37. Bh4 g5 38. Bxg5 Nxf2+ 39. Kg2 Ne4 40. Qf4 c5
41. Qxe4 1-0

[Event "ch-USA Junior 2025"]
[Site "Saint Louis USA"]
[Date "2025.07.18"]
[Round "4.5"]
[White "Ghazarian, Kirk"]
[Black "Sethuraman, Sandeep"]
[Result "1-0"]
[WhiteTitle "GM"]
[BlackTitle "IM"]
[WhiteElo "2511"]
[BlackElo "2417"]
[WhiteFideId "30908604"]
[BlackFideId "30941091"]
[EventDate "2025.07.15"]

1. d4 d5 2. c4 e6 3. Nf3 Nf6 4. Nc3 c6 5. e3 a6 6. h3 b5 7. c5 Nbd7 8. Bd3 Qc7
9. O-O e5 10. e4 exd4 11. exd5 Nxc5 12. Nxd4 cxd5 13. Bg5 Be6 14. Bxf6 gxf6 15.
Re1 Be7 16. Nf5 Rd8 17. Rc1 Nxd3 18. Qxd3 Qd7 19. Nxe7 Kxe7 20. Ne2 Rc8 21. Rcd1
Qd6 22. Ng3 Kd7 23. Ne4 Qf4 24. Qd4 Rc4 25. Qa7+ Rc7 26. Qxa6 Rg8 27. Nxf6+ Qxf6
28. Rxd5+ Bxd5 29. Qxf6 Rxg2+ 30. Kf1 Rg6 31. Qf5+ Kc6 32. f3 Be6 33. Qh5 Bc4+
34. Kf2 Rd7 35. Re5 Rd2+ 36. Ke3 Rxb2 37. Qxh7 Rxa2 38. Qh8 Re2+ 39. Kf4 Rd2 40.
h4 Rdd6 41. h5 Rdf6+ 42. Ke3 Rh6 43. Qc8+ Kb6 44. Qc5+ Ka5 45. Qxc4 1-0

[Event "ch-USA Junior 2025"]
[Site "Saint Louis USA"]
[Date "2025.07.19"]
[Round "5.1"]
[White "Chasin, Nico"]
[Black "Woodward, Andy"]
[Result "1/2-1/2"]
[WhiteTitle "IM"]
[BlackTitle "GM"]
[WhiteElo "2459"]
[BlackElo "2567"]
[WhiteFideId "30908477"]
[BlackFideId "30953499"]
[EventDate "2025.07.15"]

1. e4 e5 2. Nf3 Nc6 3. Bb5 a6 4. Ba4 d6 5. c3 Bd7 6. O-O g6 7. d4 Bg7 8. h3 Nf6
9. Re1 O-O 10. Bc2 Qe8 11. Nbd2 Nh5 12. Nc4 Kh8 13. Be3 b5 14. Ncd2 f5 15. dxe5
f4 16. Bd4 dxe5 17. Bc5 Rf6 18. a4 Rd8 19. axb5 axb5 20. Qe2 g5 21. Nh2 Bf8 22.
Bxf8 Rxf8 23. Ndf3 Nf6 24. Red1 g4 25. hxg4 Nxg4 26. Bb3 Nxh2 27. Nxh2 Qg6 28.
Rd3 Rf6 29. Rad1 Rd6 30. Nf3 Bg4 31. Rxd6 cxd6 32. Kf1 Qh5 33. Qxb5 Qh1+ 34. Ke2
Qxg2 35. Rd3 Rb8 36. Qd5 Bh5 37. Qxd6 Bxf3+ 38. Rxf3 Rxb3 39. Qf6+ Qg7 40. Qxc6
Rxb2+ 41. Kf1 Rb1+ 42. Ke2 Rb2+ 43. Kf1 Rb1+ 44. Ke2 Rb2+ 1/2-1/2